The Study of love french songs and motets of the 14th century
Αποθηκεύτηκε σε:
| Μορφή: | CD Ηχητικό |
|---|---|
| Γλώσσα: | French |
| Δημοσίευση: |
London :
Hyperion Records,
1992
|
| Θέματα: | |
| Ετικέτες: |
Προσθήκη ετικέτας
Δεν υπάρχουν, Καταχωρήστε ετικέτα πρώτοι!
|
MARC
| LEADER | 00000njm a2200000 i 4500 | ||
|---|---|---|---|
| 001 | 1/47849 | ||
| 007 | sd fs gn m ed | ||
| 008 | 070708s1992 uk fre d | ||
| 028 | 0 | 1 | |a CDA66619 |b Hyperion |
| 035 | |l 10088753 | ||
| 040 | |a GR-MY-UA |b gre |e aacr | ||
| 041 | 0 | |a fre | |
| 082 | 0 | |a 780.902 |2 (22η εκδ.) | |
| 245 | 1 | 4 | |a The Study of love |h [ηχογράφηση] : |b french songs and motets of the 14th century |
| 260 | |a London : |b Hyperion Records, |c 1992 | ||
| 300 | |a 1 δίσκος CD (60,10 λ.); |b ψηφιακός, στέρεο; |c 4 3/4 | ||
| 505 | 0 | |a Pour vous servir .-- Puis que l'aloe ne fine .-- jour a jour la vie .-- Dame, je suis cilz .-- Combien que j'aye .-- Marticius qui fu .-- Renouveler me feist .-- Trop plus .-- Fist on dame .-- Il me convient querpir .-- Tres bonne et belle .-- Le ior .-- En la maison Dedalus .-- Combien que j'aye .-- La grant biaute .-- Gloria .-- Se mesdisans .-- En esperant .-- Ay las! quant pans .-- Dame, je vuell endurer .-- Le basile | |
| 511 | |a Gothic Voices ; Christopher Page, director ; Andrew Lawrence-King, harp | ||
| 650 | 0 | 0 | |a Songs, French |y 14th century. |
| 852 | |a INST |b SAMOS |c AV |e 20070708 |h 780.902 STU |p 005300025820 |q 005300025820 |t CD |y 23 | ||
| 901 | |a BIBL3-2006-1 | ||
| 909 | |a Σ |b 045074 | ||
| 922 | |a 3ΕΛΗ |b 199812 |c ΤΜΗΜΑ ΜΑΘΗΜΑΤΙΚΩΝ |d ΛΕΣΧΗ ΔΙΣΚΟΥ | ||
| 970 | |a ΒΛΑΧΟΥ |b ΒΑΣΙΛΙΚΗ |z 2007/07/08 | ||